| 000 | 00570nam2a22002411 4500 | ||
|---|---|---|---|
| 001 | RU\NLR\INFOCOMM77\NLR\5000000029 | ||
| 005 | 20250617163157.0 | ||
| 035 | _a(NLR Aleph) 002779221 | ||
| 090 |
_a2389776 _c2389776 |
||
| 100 | _a20031205d2004 |||y0rusy50 ca | ||
| 101 | 0 | _arus | |
| 102 | _aRU | ||
| 105 | _ay ||||000|y | ||
| 200 | 0 | _aÐÑп.4 | |
| 210 |
_d2004 _aÐ. м. |
||
| 461 | 0 | _12001#$vÐÑп.4 | |
| 801 | 1 |
_aRU _bInfoComm _c20060331 |
|
| 801 | 0 |
_aRU _bNLR _gPSBO |
|
| 852 |
_aNLR _jÐ22/7491 |
||
| 942 | _cISSUE | ||
| 980 | _aNB | ||
| 980 | _aRUSPER | ||